| 000 | 00508nam a2200181Ia 4500 | ||
|---|---|---|---|
| 001 | 1428 | ||
| 005 | 20260306143727.0 | ||
| 008 | 260306t2010||||xx |||||||||||||| ||spa|| | ||
| 041 | _aESP | ||
| 082 |
_a150 _bP75 2010 |
||
| 100 |
_aPolo, Leonardo _eAUT |
||
| 245 | 0 |
_aCurso de psicología general: _blo psíquico, la psicología como ciencia. La índole de las operaciones del viviente |
|
| 260 | _c2010 | ||
| 300 |
_a359 páginas : _c24 cm. |
||
| 650 | _aGEN | ||
| 654 | _aCPS | ||
| 942 |
_cLIB _dJUS _fJUS _2ddc _n |
||
| 999 |
_c1428 _d1428 |
||